| 000 | 00902nam a2200253Ia 4500 | ||
|---|---|---|---|
| 003 | OSt | ||
| 005 | 20221005104807.0 | ||
| 006 | a|||||r|||| 00| 0 | ||
| 007 | ta | ||
| 008 | 221004b |||||||| |||| 00| 0 hin d | ||
| 024 | _a76937 | ||
| 037 | _cTextual | ||
| 040 |
_aCRL _cCRL _bhin |
||
| 041 |
_2hin _ahin |
||
| 082 | _aV2,1y7K43, 152P3 | ||
| 100 | _aपाठक, अरुणा | ||
| 245 | 0 | _aबहादुरशाह शाहआलम प्रथम एंव उसका कार्यकाल | |
| 246 | _aBahādurashāh shāhaālam pratham eanva usakā kāryakāla | ||
| 260 |
_aदिल्ली _bशारदा पब्लिशिंग् भारत _c2003 |
||
| 300 |
_a233पृ0 _ccm. |
||
| 650 | _aविश्व-इतिहास | ||
| 942 |
_hV2,1y7K43, 152P3 _cTEXL _2cc |
||
| 999 |
_c1013809 _d1013809 |
||